Pomohli potravinami Predbežná správa Krajskej povodňovej komisie

Bibliographic Details
Main Author: bm, sam (Author)
Format: Article
Language:Slovak
PhysicalDescription:1 foto
Subjects:

MARC

LEADER 00000nab a2200000 a 4500
001 vtls000898396
003 SK-MaSNL
005 20260303234105.0
008 040720e19980728xo 0 slo
035 |a KE7403 
040 |a KEVKJB  |b slo  |c KEVKJB  |e AACR2 
041 0 |a slo 
044 |a xo  |c SK 
080 |a 627.51  |2 1981 
100 1 |a bm, sam  |4 aut  |9 879988 
245 1 0 |a Pomohli potravinami  |b Predbežná správa Krajskej povodňovej komisie 
300 |b 1 foto 
650 0 7 |a povodne  |2 KEVKJB  |9 15273 
650 0 7 |a pomoc košická  |2 KEVKJB  |9 1271327 
650 0 7 |a informácie  |2 KEVKJB  |9 1285 
651 7 |a Košice (Slovensko)  |2 KEVKJB  |9 18694 
651 7 |a KE,  |2 KEVKJB  |9 877256 
651 7 |a KE,  |2 KEVKJB  |9 877256 
655 7 |a periodikum  |2 snkbucl  |9 29553 
773 0 8 |t Košický večer  |g Roč. 9  |g Roč. 30, č.143, 28.7.1998, s. 1 
852 |a ZVYKNI  |b KIS3GCP 
999 |c 2519087  |d 2521017